| 000 | 00704nam a2200265Ia 4500 | ||
|---|---|---|---|
| 001 | AUWbook002258 | ||
| 003 | BDCtgAUW | ||
| 005 | 20260406155149.0 | ||
| 008 | 220908s9999 xx 000 0 eng d | ||
| 040 |
_aBDCtgAUW _cBDCtgAUW |
||
| 050 | _aG155.N17R64 | ||
| 100 | 1 |
_aRogers, Clint. _913890 |
|
| 245 | 0 |
_aThe lure of everest : _bgetting to the bottom of tourism on top of the world / |
|
| 260 |
_aKathmandu : _bMandala publications, _c2007. |
||
| 300 | _axxii, 326 pages. | ||
| 650 | 0 | _aEverest. | |
| 650 | 0 | _aGeography. | |
| 650 | 0 |
_aKhumbu valley. _913892 |
|
| 650 | 0 | _aTourism. | |
| 651 | 0 |
_aNepal. _979522 |
|
| 887 |
_a BRAC _22982 |
||
| 888 | _22982 | ||
| 942 |
_cBK _00 _2lcc |
||
| 945 | _cBK | ||
| 999 |
_c17868 _d17868 |
||